• 首页
  • 本馆介绍
  • 公告通知
  • 最新文献
  • 馆藏检索
  • 电子资源
  • 读者导购
  • 参考咨询
  • 我的图书馆
  • 登录
  • 详细信息显示
  • 放入我的书架
  • 预约/预借图书
  • 作者相关作品
  • 分类相关作品
  • 丛书相关作品
  • 出版社相关作品

书目信息

  • 表格格式
  • 工作单格式
  • 卡片格式
题名:
声乐演唱技能与嗓音保健
    
 
作者: 张彩霞 著
分册:  
出版信息: 北京   中国书籍出版社  2021.1
页数: 259页
开本: 24cm
丛书名: 高校艺术研究论著丛刊
单 册:
中图分类: J616.1
科图分类:
主题词: 声乐训练--研究 , 发声器官保护
电子资源:
ISBN: 978-7-5068-7557-8
000 01341nam2 2200289 45
001 012001001128
005 20130910151531.0
010    @a978-7-5068-7557-8@dCNY80.00
100    @a20210122d2021 em y0chiy0110 ea
101 0  @achi
102    @aCN@b110000
105    @aag az 000yy
106    @ar
200 1  @a声乐演唱技能与嗓音保健@Asheng yue yan chang ji neng yu sang yin bao jian@f张彩霞著
210    @a北京@c中国书籍出版社@d2021.1
215    @a259页@c图@d24cm
225 2  @a高校艺术研究论著丛刊@i艺术体育
320    @a有书目(第257-259页)
330    @a声乐是用人声的歌唱形式表达的音乐,其是人类在高级神经意识支配下,通过自身嗓音的歌唱表现发挥音乐性能、表现音乐形象的审美与创造活动。对于声乐演唱技能的掌握,是每一个演唱者都应具备的能力,而在具备演唱技能的同时,对于嗓音的保健,也是演唱者不能忽视的一个重要问题。本书便从声乐演唱的技能与嗓音保健两方面入手,在对声乐演唱相关的呼吸、共鸣、发声、表演、心理调控技能进行介绍的同时,对演唱训练中的嗓音保健及艺术嗓音医学视角下的嗓音疾病治疗进行了研究。本书结构合理、条理清晰,内容全面、详实,是一本兼有实用性与可读性的理论著作。
461  0 @12001 @a高校艺术研究论著丛刊
462  0 @12001 @a艺术体育
606 0  @a声乐训练@x研究
606 0  @a发声器官保护
690    @aJ616.1@v5
701  0 @a张彩霞@Azhang cai xia@4著
801    @aCN@b江苏凤凰@c20211018
905    @b1342307-10@dJ616.1@e1298@f4
    
    声乐演唱技能与嗓音保健/张彩霞著.-北京:中国书籍出版社,2021.1
    259页:图;24cm.-(高校艺术研究论著丛刊.艺术体育)
    
    
    ISBN 978-7-5068-7557-8:CNY80.00
    声乐是用人声的歌唱形式表达的音乐,其是人类在高级神经意识支配下,通过自身嗓音的歌唱表现发挥音乐性能、表现音乐形象的审美与创造活动。对于声乐演唱技能的掌握,是每一个演唱者都应具备的能力,而在具备演唱技能的同时,对于嗓音的保健,也是演唱者不能忽视的一个重要问题。本书便从声乐演唱的技能与嗓音保健两方面入手,在对声乐演唱相关的呼吸、共鸣、发声、表演、心理调控技能进行介绍的同时,对演唱训练中的嗓音保健及艺术嗓音医学视角下的嗓音疾病治疗进行了研究。本书结构合理、条理清晰,内容全面、详实,是一本兼有实用性与可读性的理论著作。
●
相关链接 在E读中查询图书 在五车中查询图书 在当当中查询图书 在豆瓣中查询图书


正题名:声乐演唱技能与嗓音保健     索取号:J616.1/1298         预约/预借

序号 登录号 条形码 馆藏地/架位号 状态 备注
1 1342307   213423071   第一样本阅览室/ [索取号:J616.1/1298] 在馆    
2 1342308   213423080   第一借阅区/ [索取号:J616.1/1298] 在馆    
3 1342309   213423099   第一借阅区/ [索取号:J616.1/1298] 在馆    
4 1342310   213423106   第一借阅区/ [索取号:J616.1/1298] 在馆    
唐山师范学院图书馆 欢迎您!
大连网信软件有限公司© 版权所有